[Event "ESP-ch U18"]
[Site "Salobrena"]
[Date "2015.07.29"]
[Round "5"]
[White "Sebastian Cantarino, Adrian"]
[Black "De la Calle Fuentes, Sergio"]
[Result "0-1"]
[WhiteElo "1883"]
[BlackElo "1712"]
[PlyCount "104"]
[EventDate "2015.07.27"]
[EventType "swiss"]
[EventRounds "9"]
[EventCountry "ESP"]
[SourceTitle "EXT 2016"]
[Source "ChessBase"]
[SourceDate "2015.10.08"]
[SourceVersion "1"]
[SourceVersionDate "2015.10.08"]
[SourceQuality "1"]

1. e4 e5 2. Nf3 Nc6 3. Nc3 Nf6 4. Bb5 d6 5. d4 exd4 6. Nxd4 Bd7 7. Bxc6 bxc6 8. 0-0 Be7 9. Re1 0-0 10. Qd3 Re8 11. Bg5 Bf8 12. f4 Be7 13. Qa6 c5 14. Nb3 h6 15. Bh4 Nh5 16. Bxe7 Rxe7 17. Nd5 Re8 18. g3 Be6 19. Nc3 Qc8 20. Qxc8 Raxc8 21. e5 Bd7 22. Rad1 Bg4 23. Rd2 f6 24. Kf2 fxe5 25. fxe5 Rf8+ 26. Kg1 Rce8 27. Nd5 c6 28. Ne3 Rxe5 29. Rf2 Rfe8 30. Nxg4 Rxe1+ 31. Kg2 R8e2 32. Na5 Rxf2+ 33. Kxf2 Rb1 34. b3 Rb2 35. Ne3 Rxa2 36. Nxc6 Kf7 37. b4 cxb4 38. Nxb4 Rb2 39. Nc6 Ra2 40. Ke2 Nf6 41. Kd3 Nd7 42. Nb4 Ra3+ 43. c3 Ne5+ 44. Kc2 a5 45. Nd3 Nxd3 46. Kxd3 Ra2 47. h4 Rf2 48. Ke4 a4 49. Nc4 Ke6 50. Ke3 Rg2 51. Kf3 Rc2 52. Ne5 Kxe5 0-1

[Event "Valladolid Para Club Piolin V"]
[Site "Valladolid"]
[Date "2014.07.05"]
[Round "2.2"]
[White "Santos Martinez, Guillermo"]
[Black "Sebastian Cantarino, Adrian"]
[Result "1-0"]
[WhiteElo "1782"]
[BlackElo "1900"]
[PlyCount "101"]
[EventDate "2014.07.04"]
[EventType "swiss"]
[EventRounds "5"]
[EventCountry "ESP"]
[SourceTitle "EXT 2024"]
[Source "ChessBase"]
[SourceDate "2023.10.10"]
[SourceVersion "1"]
[SourceVersionDate "2023.10.10"]
[SourceQuality "1"]

1. d4 Nf6 2. Nf3 g6 3. g3 Bg7 4. Bg2 0-0 5. 0-0 d5 6. b3 Bg4 7. Bb2 c6 8. c4 Bxf3 9. Bxf3 e6 10. Nd2 Nbd7 11. e4 dxe4 12. Nxe4 Nxe4 13. Bxe4 Nf6 14. Bg2 Qa5 15. Qe1 Qh5 16. Rd1 Rfd8 17. a4 Rd7 18. f4 Rad8 19. h3 Qf5 20. Rf2 h5 21. b4 Ne8 22. Rfd2 Nd6 23. Qf1 Ne4 24. Bxe4 Qxe4 25. Qd3 Qxd3 26. Rxd3 b6 27. Kf2 e5 28. fxe5 Bxe5 29. Ke2 Bg7 30. Bc3 Re8+ 31. Kd2 Rde7 32. Kc2 f5 33. d5 cxd5 34. Rxd5 Re2+ 35. Kb3 R2e3 36. R1d3 Bxc3 37. Kxc3 Rxd3+ 38. Kxd3 Re7 39. c5 bxc5 40. bxc5 Kf7 41. Kc4 h4 42. gxh4 Ke6 43. Rd6+ Ke5 44. Rxg6 f4 45. Rg1 Rh7 46. Re1+ Kf5 47. c6 f3 48. Kd5 Kf6 49. Kd6 Re7 50. Rf1 Re3 51. c7 1-0

[Event "Valladolid Piolin op"]
[Site "Valladolid"]
[Date "2013.04.07"]
[Round "5"]
[White "Fernandez Velasquez, Julian Felix"]
[Black "Sebastian Cantarino, Adrian"]
[Result "1-0"]
[WhiteElo "1868"]
[BlackElo "1857"]
[PlyCount "51"]
[EventDate "2013.03.10"]
[EventType "swiss"]
[EventRounds "11"]
[EventCountry "ESP"]
[SourceTitle "EXT 2014"]
[Source "ChessBase"]
[SourceDate "2013.11.20"]
[SourceVersion "1"]
[SourceVersionDate "2013.11.20"]
[SourceQuality "1"]

1. e4 e5 2. Bc4 Bc5 3. c3 Nc6 4. d3 Nf6 5. Nf3 d6 6. 0-0 0-0 7. h3 Na5 8. Bb5 Bd7 9. Bxd7 Qxd7 10. b4 Bxb4 11. cxb4 Nc6 12. a3 a5 13. b5 Na7 14. a4 c6 15. bxc6 bxc6 16. Nc3 Rab8 17. Bg5 Qe6 18. d4 exd4 19. Qxd4 c5 20. Qd2 Rb4 21. Bxf6 gxf6 22. Rfe1 Kh8 23. Nd5 Rxe4 24. Rxe4 Qxe4 25. Nxf6 Qf5 26. Qc3 1-0

[Event "Valladolid Social Federado Piolin"]
[Site "Valladolid"]
[Date "2012.06.18"]
[Round "11.1"]
[White "Fernandez de la Fuente, Jose Antonio"]
[Black "Sebastian Cantarino, Adrian"]
[Result "1/2-1/2"]
[WhiteElo "1766"]
[BlackElo "1715"]
[PlyCount "58"]
[EventDate "2012.05.14"]
[EventType "tourn"]
[EventRounds "17"]
[EventCountry "ESP"]
[SourceTitle "EXT 2024"]
[Source "ChessBase"]
[SourceDate "2023.10.10"]
[SourceVersion "1"]
[SourceVersionDate "2023.10.10"]
[SourceQuality "1"]

1. d4 d5 2. Nf3 Nf6 3. Bf4 e6 4. e3 Bd6 5. Bg5 0-0 6. Bd3 Nbd7 7. 0-0 e5 8. dxe5 Nxe5 9. h3 h6 10. Bh4 Ng6 11. Bxg6 fxg6 12. Bxf6 Qxf6 13. Qxd5+ Be6 14. Qd4 Bxh3 15. Nbd2 Qxd4 16. Nxd4 Bd7 17. Rfd1 Rf7 18. Nc4 Raf8 19. Nxd6 cxd6 20. Nf3 Rf6 21. Rd2 Bc6 22. Nd4 g5 23. Rad1 d5 24. Rc1 h5 25. c3 g4 26. g3 g5 27. Kg2 Kg7 28. Rh1 Kg6 29. Rh2 Bd7 1/2-1/2

[Event "Valladolid op"]
[Site "Valladolid"]
[Date "2012.03.08"]
[Round "4"]
[White "San Jose Calderon, Manuel"]
[Black "Sebastian Cantarino, Adrian"]
[Result "0-1"]
[WhiteElo "1626"]
[BlackElo "1623"]
[PlyCount "68"]
[EventDate "2012.02.16"]
[EventType "swiss"]
[EventRounds "7"]
[EventCountry "ESP"]
[SourceTitle "EXT 2014"]
[Source "ChessBase"]
[SourceDate "2013.11.20"]
[SourceVersion "1"]
[SourceVersionDate "2013.11.20"]
[SourceQuality "1"]

1. e4 c5 2. Nf3 d6 3. d4 cxd4 4. Nxd4 Nf6 5. Nc3 a6 6. Be2 e5 7. Nf3 Be7 8. 0-0 0-0 9. h3 Be6 10. a3 Nbd7 11. Nh2 Nc5 12. f3 Nh5 13. f4 Ng3 14. f5 Nxf1 15. Qxf1 Bd7 16. Ng4 Bc6 17. Qf3 d5 18. f6 Bxf6 19. Nxf6+ Qxf6 20. Qxf6 gxf6 21. exd5 Bd7 22. Bh6 Rfd8 23. Rf1 f5 24. Bh5 f6 25. g4 f4 26. g5 Bxh3 27. Rf3 Bf5 28. gxf6 Bg6 29. Bg4 Bxc2 30. Rf2 Bg6 31. Rg2 Kf7 32. b4 Nd7 33. Be6+ Kxf6 34. Rxg6+ Kxg6 0-1

[Event "Valladolid op"]
[Site "Valladolid"]
[Date "2012.02.23"]
[Round "2"]
[White "Fernandez Velasquez, Julian Felix"]
[Black "Sebastian Cantarino, Adrian"]
[Result "1-0"]
[WhiteElo "1892"]
[BlackElo "1623"]
[PlyCount "59"]
[EventDate "2012.02.16"]
[EventType "swiss"]
[EventRounds "7"]
[EventCountry "ESP"]
[SourceTitle "EXT 2014"]
[Source "ChessBase"]
[SourceDate "2013.11.20"]
[SourceVersion "1"]
[SourceVersionDate "2013.11.20"]
[SourceQuality "1"]

1. e4 c5 2. Nc3 d6 3. Bb5+ Bd7 4. a4 a6 5. Bxd7+ Nxd7 6. f4 e6 7. Nf3 Ngf6 8. 0-0 Be7 9. d3 0-0 10. Qe1 Qb8 11. Kh1 b6 12. Qg3 Nh5 13. Qh3 g6 14. g4 Ng7 15. f5 exf5 16. exf5 Qb7 17. Kg1 Bf6 18. Ne4 Qc6 19. g5 Be5 20. f6 Nh5 21. Ng3 Nf4 22. Qh6 Ne6 23. Kg2 c4 24. c3 cxd3 25. Bd2 Bf4 26. Bxf4 Nxf4+ 27. Kg1 Ne6 28. Nd4 Qc5 29. Ne4 Qe5 30. Nxe6 1-0